| 000 | 00618nam a22002057a 4500 | ||
|---|---|---|---|
| 005 | 20240201081157.0 | ||
| 008 | 240201b |||||||| |||| 00| 0 eng d | ||
| 020 | _a9781444181296 | ||
| 040 |
_aKMU _cKMU _dKMU _erda |
||
| 050 | _aTK 5105.888 | ||
| 100 | _aAshton, Robert and Juby, Jessica | ||
| 245 |
_aWriting For The Web / _cAshton, Robert and Juby, Jessica |
||
| 260 |
_aLondon : _bHodder & Stoughton Ltd, _c2013. |
||
| 300 |
_axii, 212 p. : _bill. ; _c20 cm. |
||
| 650 | _aOnline authorship. | ||
| 650 | _aAuthorship. | ||
| 650 | _aWeb sites--Design. | ||
| 650 | _aSocial media--Authorship. | ||
| 942 |
_2lcc _cBK _n0 |
||
| 999 |
_c941 _d941 |
||